Loading...
| History - American | 0 | 3 | 0 | 0 | 30 | 24 | 52.67 | 0 | 3 | 14.64 | 21.88 |
| Social Science | 0 | 2 | 0 | 0 | 20 | 52 | 52.00 | 2 | 2 | 9.20 | 16.67 |
| Literature - British | 0 | 2 | 1 | 2 | 15 | 137 | 137.00 | 0 | 0 | 0.24 | 10.42 |
| Literature - World/Other | 0 | 1 | 0 | 0 | 10 | 71 | 71.00 | 0 | 0 | 4.39 | 4.17 |
| Literature - American | 0 | 1 | 0 | 1 | 10 | 144 | 144.00 | 0 | 0 | 0.00 | 1.04 |
| Religion | 0 | 1 | 0 | 0 | 10 | 104 | 104.00 | 0 | 0 | 0.45 | 5.21 |
| Science - Biology | 0 | 1 | 0 | 0 | 10 | 127 | 127.00 | 0 | 0 | 0.00 | 1.04 |
| Mythology | 0 | 1 | 1 | 0 | 5 | 50 | 50.00 | 0 | 0 | 4.97 | 4.17 |
| History - Other | 0 | 0 | 2 | 0 | -10 | 0.00 | 0 | 0 | 0.00 | 0.00 | |
| Fine Arts - Visual | 0 | 0 | 2 | 0 | -10 | 0.00 | 0 | 0 | 0.00 | 0.00 |